Rani Chennamma/ (Record no. 101390)

MARC details
000 -LEADER
fixed length control field 00617nam a22001937a 4500
005 - DATE AND TIME OF LATEST TRANSACTION
control field 20160722113120.0
010 ## - LCCN (DPL NO)
LC control number ENG-115486
020 ## - INTERNATIONAL STANDARD BOOK NUMBER
International Standard Book Number 9788123778167
Terms of availability 210.00
035 ## - SYSTEM CONTROL NUMBER
System control number EN-99018
037 ## - SOURCE OF ACQUISITION
Source of stock number/acquisition DBAD/PUB
082 ## - DEWEY DECIMAL CLASSIFICATION NUMBER
Classification number 920
100 ## - MAIN ENTRY--PERSONAL NAME
Personal name Wodeyar, Sadashiva Shivadeva
245 ## - TITLE STATEMENT
Title Rani Chennamma/
Statement of responsibility, etc by Sadashiva Shivadeva Wodeyar
260 ## - PUBLICATION, DISTRIBUTION, ETC. (IMPRINT)
Place of publication, distribution, etc New Delhi
Name of publisher, distributor, etc National Book Trust
Date of publication, distribution, etc 2016
270 ## - ADDRESS
Address Nehru BhawAn 5 Institutional Area, Phase-II Vasant kunj
City New Delhi
Postal code 110070
300 ## - PHYSICAL DESCRIPTION
Extent xi,195p.
Dimensions 19cm(pbk)
500 ## - GENERAL NOTE
General note Includes bibliographical references
942 ## - ADDED ENTRY ELEMENTS (KOHA)
Source of classification or shelving scheme Dewey Decimal Classification
Item type English Books
Classification part 920
Call number suffix SAD
Holdings
Withdrawn status Lost status Not for loan Collection code Home library Current library Date acquired Source of acquisition Cost, normal purchase price Full call number Barcode Copy number Cost, replacement price Koha item type
      Non-fiction Shahdara Branch Shahdara Branch 21/07/2016 DBAD/PUB 210.00 920 SAD EN-99018 1 210.00 English Books

© Delhi Public Library
Hit Counter
free hit counter